书目信息 |
| 题名: |
物流经济学
|
|
| 作者: | 吴晓辉 主编 ;付丽茹 , 李作聚 , 林玲玲 编著 | |
| 分册: | ||
| 出版信息: | 北京 国防工业出版社 2007.01 |
|
| 页数: | 247页 | |
| 开本: | 23cm | |
| 丛书名: | ||
| 单 册: | ||
| 中图分类: | F252 | |
| 科图分类: | ||
| 主题词: | 物流--wu liu--经济学--高等学校--教材 | |
| 电子资源: | ||
| ISBN: | 7-118-04818-6 | |
| 000 | 01046nam0 2200289 450 | |
| 001 | 012008101249 | |
| 005 | 20080623202012.43 | |
| 010 | @a7-118-04818-6@dCNY28.00 | |
| 100 | @a20080623d2007 em y0chiy0120 ea | |
| 101 | 0 | @achi |
| 102 | @aCN@b110000 | |
| 105 | @aa a 000yy | |
| 106 | @ar | |
| 200 | 1 | @a物流经济学@Awu liu jing ji xue@f吴晓辉主编@Fwu xiao hui zhu bian@g付丽茹 ... [等] 编著@Gfu li ru...[deng]bian zhu |
| 210 | @a北京@c国防工业出版社@d2007.01 | |
| 215 | @a247页@c图@d23cm | |
| 304 | @a题名页题 : 付丽茹, 李作聚, 林玲玲, 刘华等编著 | |
| 320 | @a有书目 (第247页) | |
| 330 | @a本书内容包括:第1章绪论;第2章物流业在国民经济中的发展;第3章物流与国民经济相关产业;第4章物流市场的需求与供给;第5章物流市场与营销策略等。 | |
| 606 | 0 | @a物流@Awu liu@x经济学@x高等学校@j教材 |
| 690 | @aF252@v4 | |
| 701 | 0 | @a吴晓辉@Awu xiao hui@4主编 |
| 702 | 0 | @a付丽茹@Afu li ru@4编著 |
| 702 | 0 | @a李作聚@Ali zuo ju@4编著 |
| 702 | 0 | @a林玲玲@Alin ling ling@4编著 |
| 801 | 0 | @aCN@bQSSK@c20080623 |
| 905 | @b728651-53@dF252@eW892@f3 | |
| 物流经济学/吴晓辉主编/付丽茹 ... [等] 编著.-北京:国防工业出版社,2007.01 |
| 247页:图;23cm |
| ISBN 7-118-04818-6:CNY28.00 |
| 本书内容包括:第1章绪论;第2章物流业在国民经济中的发展;第3章物流与国民经济相关产业;第4章物流市场的需求与供给;第5章物流市场与营销策略等。 |
| ● |
| 相关链接 |
|
|
|
正题名:物流经济学
索取号:F252/W892
 
预约/预借
| 序号 | 登录号 | 条形码 | 馆藏地/架位号 | 状态 | 备注 |
| 1 | 728651 | 207286514 | 社科库409/409社科库 80排4列1层/ [索取号:F252/W892] | 在馆 | |
| 2 | 728652 | 207286523 | 社科库409/409社科库 80排4列1层/ [索取号:F252/W892] | 在馆 | |
| 3 | 728653 | 207286532 | 社科库409/409社科库 80排4列1层/ [索取号:F252/W892] | 在馆 |